000 01163nmm a2200313 a 4500
001 ocm000965007
003 TR-IsHL
005 20201028150854.0
008 150110s2008 tu tur
007 cr cn
020 _a9789756865705
035 _a965007
_b(N$T)
050 0 4 _aPG3476.S56
_bD87 2008
090 0 4 _aPG3476.S56
_bD87 2008
100 1 _aSholokhov, Mikhail Aleksandrovich
245 1 0 _aVe durgun akardı don I
_h[electronic resource] /
_cMikhail Aleksandrovich Sholokhov ; çeviren Tektaş Ağaoğlu
250 _a2. bs.
260 _aİstanbul :
_bEvrensel Basım Yayın,
_c2008
300 _a412 p.
650 4 _aDil ve Edebiyat
650 4 _aLanguage and Literature
650 0 _aDünya Savaşı, 1917-1918
_x Roman
650 0 _aWorld War, 1914-1918
_x Fiction
650 0 _aSovyetler Birliği
_x Tarih
_x Devrim, 1917-1921
_x Roman
650 0 _aSoviet Union
_x History
_x Revolution, 1917-1921
_x Fiction
650 7 _aLITERARY COLLECTIONS / Russian & Former Soviet Union
_2bisacsh
700 1 _aAğaoğlu, Tektaş
856 4 0 _uhttp://search.ebscohost.com/login.aspx?direct=true&scope=site&db=e011xww&AN=965007
999 _c10707
_d10707